Cirugía ortopédica

Guardat en:
Dades bibliogràfiques
Autors principals: Mercer, Walter (autor), Duthie, Robert (Autor)
Format: Llibre
Idioma:espanyol
Publicat: La Habana Revolucionaria 1972
Edició:6a. ed
Matèries:
Etiquetes: Afegir etiqueta
Sense etiquetes, Sigues el primer a etiquetar aquest registre!

MARC

LEADER 00000nam a2200000 a 4500
001 UCG2868
003 CL-VaPUC
008 100729e19720800CU |||||||||||||||||spa|d
082 0 4 |a 617.3  |b MER  |2 21 
100 |a Mercer, Walter  |e autor  |9 551524 
700 0 |a Duthie, Robert  |e author  |9 551525 
245 1 0 |a Cirugía ortopédica 
250 |a 6a. ed 
300 |a 1008 p 
942 |c BK 
945 |d 20100729 00:00:00  |a mfarfan 
260 |a La Habana  |b Revolucionaria  |c 1972 
650 7 |a CIRUGIA ORTOPEDICA  |2 CL-VaPUC  |9 532704 
650 0 |a Ortopedia  |9 341017 
583 |a last modification  |c 20100729 00:00:00  |k Rodrigo Vera 
999 |c 341983  |d 341981 
952 |0 0  |1 0  |4 0  |6 617_300000000000000_MER_1972  |7 0  |8 A  |9 437889  |a BIBCUR  |b BIBCUR  |d 2019-11-22  |i 4698150  |o 617.3 MER 1972  |p 4698150  |r 2025-04-22  |w 2019-11-22  |y BK  |k KIN